WCA Events - Statistics

General Stats
  • This quiz has been taken 224 times
  • The average score is 16 of 17
Answer Stats
Answer % Correct
3x3x3 Cube
100%
4x4x4 Cube
100%
5x5x5 Cube
100%
6x6x6 Cube
99%
7x7x7 Cube
99%
2x2x2 Cube
98%
Pyraminx
98%
3x3x3 Blindfolded
97%
Megaminx
96%
3x3x3 One-Handed
92%
4x4x4 Blindfolded
91%
5x5x5 Blindfolded
91%
Skewb
89%
Clock
87%
Square-1
83%
3x3x3 Multi-Blind
81%
3x3x3 Fewest Moves
77%
No matching quizzes found
Score Distribution
Percent of People with Each Score
Percentile by Number Answered
Your Score History
You have not taken this quiz